Trauma: a scientific basis for care (Record no. 60384)

MARC details
000 -LEADER
fixed length control field 00636nam a2200181 a 4500
008 - FIXED-LENGTH DATA ELEMENTS--GENERAL INFORMATION
fixed length control field 120416s1999 ||||||||||||||||| || u
020 ## - INTERNATIONAL STANDARD BOOK NUMBER
International Standard Book Number 0340700939
050 ## - LIBRARY OF CONGRESS CALL NUMBER
Classification number RD 93 Tra
100 ## - MAIN ENTRY--PERSONAL NAME
Personal name Alpar, Emin Kaya
245 10 - TITLE STATEMENT
Title Trauma: a scientific basis for care
Statement of responsibility, etc. edited by Emin Kaya Alpar; Gosling, Peter
260 ## - PUBLICATION, DISTRIBUTION, ETC.
Place of publication, distribution, etc. London:
Name of publisher, distributor, etc. Arnold
Date of publication, distribution, etc. 1999
300 ## - PHYSICAL DESCRIPTION
Extent viii, 383p. : ill.
350 ## - PRICE (NR) (BK AM CF MU VM SE) [OBSOLETE]
Price 0.00
650 ## - SUBJECT ADDED ENTRY--TOPICAL TERM
Topical term or geographic name entry element MEDICINE
650 ## - SUBJECT ADDED ENTRY--TOPICAL TERM
Topical term or geographic name entry element TRAUMA
700 ## - ADDED ENTRY--PERSONAL NAME
Personal name Gosling, Peter
995 ## - RECOMMENDATION 995 [LOCAL, UNIMARC FRANCE]
-- 0.00
-- CBU-MAIN LIBRARY (Kitwe)
-- 1
-- 35.00
-- 1
-- AVAILABLE
-- Apr 20, 2007
-- Main Library Open Access Collection
Holdings
Withdrawn status Lost status Source of classification or shelving scheme Damaged status Not for loan Home library Current library Shelving location Date acquired Total Checkouts Full call number Barcode Date last seen Price effective from Koha item type
          CBU-MAIN LIBRARY, KITWE. CBU-MAIN LIBRARY, KITWE.   11/30/2022   RD 93 Tra 40488 11/30/2022 11/30/2022 MONOGRAPH